00425cam a2200157ua 45000010005000000080039000050400009000440820008000531000019000612450056000802500009001362600039001453000017001846530014002016530052002153719111129n ii |||gr||||Z||||||asm cMAIN a920 aKalita, Samin,11aAsam sahitya sabhar sabhapatisakalcby Samin Kalita a2nd. aGuwahati:bChandra Prakash,c2006. a396p:c23cm. aBiography aBiography of Asam sahitya sabhar sabhapatisakal